LEADER 00915cam0 2200253 450 001 E600200000220 005 20160303081724.0 100 $a20040303d1918 |||||ita|0103 ba 101 $aita 102 $aIT 200 1 $a<>beffa di Buccari$econ aggiunti la canzone del Quarnaro, il catalogo dei trenta di Buccari, il cartello manoscritto e due carte marine$fGabriele D'Annunzio 205 $a4 ed. 210 $aMilano$cTreves$d1918 215 $a70 p., [4] c. di tav.$cfacs., c. geogr.$d17 cm 700 1$aD'Annunzio$b, Gabriele$3AF00006044$4070$03236 801 0$aIT$bUNISOB$c20160303$gRICA 850 $aUNISOB 852 $aUNISOB$j850$m48146 912 $aE600200000220 940 $aM 102 Monografia moderna SBN 941 $aM 957 $a850$b001415$gSI$d48146$racquisto$1pregresso1$2UNISOB$3UNISOB$420040303082604.0$520160303081724.0$6rovito 996 $aBeffa di Buccari$91673056 997 $aUNISOB